Manželia, ktorí spolu bežia aj do práce Tiszovci zabehli prvý maratón pred osemnástimi rokmi

Bibliographic Details
Main Author: Onder, Anton (Author)
Format: Article
Language:Slovak
PhysicalDescription:1 foto
Subjects:

MARC

LEADER 00000nab a2200000 a 4500
001 vtls000896652
003 SK-MaSNL
005 20260303114500.0
008 040720e19971210xo 0 slo
035 |a KE5676 
040 |a KEVKJB  |b slo  |c KEVKJB  |e AACR2 
041 0 |a slo 
044 |a xo  |c SK 
080 |a 796.422.16.093.1  |2 1981 
080 |a 929  |2 1981 
100 1 |a Onder, Anton  |4 aut  |9 877513 
245 1 0 |a Manželia, ktorí spolu bežia aj do práce  |b Tiszovci zabehli prvý maratón pred osemnástimi rokmi 
300 |b 1 foto 
590 |a Tiszo, Tibor  |b maratónsky bežec 
590 |a Tiszová, Alžbeta 
600 1 7 |a Tiszo, Tibor  |2 KEVKJB  |9 1129210 
600 1 7 |a Tiszová, Alžbeta  |2 KEVKJB  |9 1032683 
650 0 7 |a maratón  |2 KEVKJB  |9 22999 
650 0 7 |a profily športové  |2 KEVKJB  |9 877939 
651 7 |a Košice (Slovensko)  |2 KEVKJB  |9 18694 
651 7 |a KE,  |2 KEVKJB  |9 877256 
651 7 |a KE,  |2 KEVKJB  |9 877256 
655 7 |a periodikum  |2 snkbucl  |9 29553 
773 0 8 |t Košický večer  |g Roč. 8  |g Roč. 29, č.239, 10.12.1997, s. 11 
852 |a ZVYKNI  |b KIS3GCP 
999 |c 1898513  |d 1900443